00438nam a2200157Ia 450000500170000000800460001702000180006303700100008104000180009104100130010908400080012210000100013024500430014026000570018385600400024020260120131724.0008 260114s9999 xx 000 0 eng d a9780191955129 aEBOOK aCRLbengcCRL aeng2eng qCRL aHerce 4aThe Typological Diversity of Morphomes bOxford University PressOxford University Pressc2023 uhttps://academic.oup.com/book/45787